Pravidla judo platná od 1. července 1959 /

Hlavní autor: Pikhart, Ladislav
Jazyk: Čeština
Vydáno: Praha : Sportovní a turistické nakladatelství, 1960
Vydání: 1. vyd.
Témata:
Fyzický popis: 34 s. ; 8°
Knihy
Uloženo v:
LEADER 00910nam a22002532a 4500
001 000777183
003 CZ BrMZK
005 20181219082732.0
007 ta
008 050602s1960 xr er|||||||||||cze d
015 |a cnb000731395 
040 |a ABA001  |b cze  |c HKA001  |d ABA001 
080 9 |a 796.891.096 
100 1 |a Pikhart, Ladislav  |7 mzk2011650616  |4 aut 
245 1 0 |a Pravidla judo platná od 1. července 1959 /  |c zpracoval Ladislav Pikhart 
250 |a 1. vyd. 
260 |a Praha :  |b Sportovní a turistické nakladatelství,  |c 1960 
300 |a 34 s. ;  |c 8° 
500 |a Mezinárodní slovníček rozhodčích 
910 |a BOA001  |b PK-A-0006.953  |b X-0447.494 
964 |a Judo - pravidla 
990 |a BK 
996 6 |b 2618964864  |c X-0447.494  |l MZK  |r Sklad / do 24 hodin  |n 0  |w 000777183  |u 000020  |a 1  |e BOA001  |j MZK50  |s P 
996 6 |b BC-213141  |c PK-A-0006.953  |l MZK  |r Sklad / do 1 hodiny  |n 0  |w 000777183  |u 000010  |a 1  |e BOA001  |j MZK50  |s P